000 02986nam a2200229 4500
999 _c10855
_d10855
008 180924b ||||| |||| 00| 0 eng d
020 _a978-1-119-45789-3
082 _22018
_aDC 005.133
_bM887
100 _aMueller, John,
_d1958-
_931572
245 _aBeginning programming with Python /
_cby John Paul Mueller
250 _a2nd edition
260 _aHoboken, NJ :
_bJohn Wiley & Sons, Inc.,
_c©2018.
300 _axii, 392 pages :
_billustrations ;
_c24 cm
440 _a--For dummies
_931573
500 _aIncludes index
505 _aPart 1: Getting started with Python. Talking to your computer ; Getting your own copy of Python ; Interacting with Python ; Writing your first application ; Working with Anaconda -- Part 2: Talking the talk. Storing and modifying information ; Managing information ; Making decisions ; Performing repetitive tasks ; Dealing with errors -- Part 3: Performing common tasks. Interacting with packages ; Working with strings ; Managing lists ; Collecting all sorts of data ; Creating and using classes -- Part 4: Performing advanced tasks. Storing data in files ; Sending an e-mail -- Part 5: The part of tens. Ten amazing programming resources ; Ten ways to make a living with Python ; Ten tools that enhance your Python experience ; Ten (plus) libraries you need to know about
520 _aThe easy way to learn programming fundamentals with Python Python is a remarkably powerful and dynamic programming language that's used in a wide variety of application domains. Some of its key distinguishing features include a very clear, readable syntax, strong introspection capabilities, intuitive object orientation, and natural expression of procedural code. Plus, Python features full modularity, supporting hierarchical packages, exception-based error handling, and modules easily written in C, C++, Java, R, or .NET languages, such as C#. In addition, Python supports a number of coding styles that include: functional, imperative, object-oriented, and procedural. Due to its ease of use and flexibility, Python is constantly growing in popularity--and now you can wear your programming hat with pride and join the ranks of the pros with the help of this guide. Inside, expert author John Paul Mueller gives a complete step-by-step overview of all there is to know about Python. From performing common and advanced tasks, to collecting data, to interacting with package--this book covers it all! Use Python to create and run your first application Find out how to troubleshoot and fix errors Learn to work with Anaconda and use Magic Functions Benefit from completely updated and revised information since the last edition If you've never used Python or are new to programming in general, Beginning Programming with Python For Dummies is a helpful resource that will set you up for success
650 _aPython (Computer program language)
_931574
650 _aComputer programming
_931575
365 _b3,461.00
_cPhp
942 _2ddc
_cDC